Algunas consideraciones sobre el diseno de marcos de concreto reforzado.

Gorde:
Xehetasun bibliografikoak
Egile nagusia: Cascante Kopper, Maynor
Formatua: Liburua
Argitaratua: [San José , Costa Rica] 1987
Gaiak:
Etiketak: Etiketa erantsi
Etiketarik gabe, Izan zaitez lehena erregistro honi etiketa jartzen!

MARC

LEADER 00000nam a2200000Ia 4500
003 004212
005 20221231144352.0
008 140114s1987 cr a m 000 ||s d
040 |c cru CEDI 
090 |a TFG 1896 
100 |a Cascante Kopper, Maynor.  |9 14005 
245 |a Algunas consideraciones sobre el diseno de marcos de concreto reforzado. 
260 |c 1987  |a [San José , Costa Rica] 
300 |a  [91] hojas : ilustraciones ; 28 cm  
500 |a Proyecto de graduación (licenciatura en ingeniería civil)--Universidad de Costa Rica. Facultad de Ingeniería. Escuela de Ingeniería Civil 
650 |x CONSTRUCCIONES DE HORMIGON ARMADO  |9 14006 
942 |c TFG 
999 |c 20832  |d 20832